000 01387nam a2200205Ii 4500
008 221202s xx 000 0 und d
245 0 _aCultural Models of Nature
246 _aPrimary Food Producers and Climate Change (Edition 1)
264 _bRoutledge
_c2019
300 _a1 online resource
336 _atext
_btxt
_2rdacontent
337 _acomputer
_bc
_2rdamedia
338 _aonline resource
_bcr
_2rdacarrier
520 _aDrawing on the ethnographic experience of the contributors, this volume explores the Cultural Models of Nature found in a range of food-producing communities located in climate-change affected areas. These Cultural Models represent specific organizations of the etic categories underlying the concept of Nature (i.e. plants, animals, the physical environment, the weather, humans, and the supernatural). The adoption of a common methodology across the research projects allows the drawing of meaningful cross-cultural comparisons between these communities. The research will be of interest to scholars and policymakers actively involved in research and solution-providing in the climate change arena.
653 _aAnthropology
653 _aSocial Science
700 1 _aBennardo, Giovanni
856 _uhttps://library.oapen.org/bitstream/20.500.12657/52878/1/external_content.epubhttps://library.oapen.org/handle/20.500.12657/52878
942 _cE-BOOK
999 _c61658
_d61658